[Event "CCM7 - 14. ORDIX Open"]
[Site "Mainz"]
[Date "2007.??.??"]
[Round "6"]
[White "Grischuk, Alexander"]
[Black "Burmakin, Vladimir"]
[Result "0-1"]
[WhiteElo "2726"]
[BlackElo "2592"]
[PlyCount "180"]
[EventDate "2007.??.??"]
[EventType "rapid"]
[EventRounds "11"]
[EventCountry "GER"]
[Source "Mike Rosa"]
[SourceDate "2009.01.01"]

1. e4 c6 2. d4 d5 3. Nc3 dxe4 4. Nxe4 Bf5 5. Ng3 Bg6 6. h4 h6 7. Nf3 Nd7 8. h5
Bh7 9. Bd3 Bxd3 10. Qxd3 e6 11. Bf4 Qa5+ 12. Bd2 Qc7 13. O-O-O O-O-O 14. Ne4
Ngf6 15. g3 Nxe4 16. Qxe4 Bd6 17. Kb1 Rhe8 18. Qh7 Rg8 19. c4 Nf6 20. Qc2 c5
21. d5 exd5 22. cxd5 Kb8 23. Bc3 Ng4 24. Rhe1 g6 25. Nh4 Ka8 26. hxg6 fxg6 27.
Re4 h5 28. f3 Ne5 29. f4 Nf7 30. Bf6 Rc8 31. Re6 g5 32. Nf5 gxf4 33. Nxd6 Nxd6
34. Be5 Rcd8 35. Bxf4 c4 36. Rh1 Qc5 37. Rxh5 Nb5 38. Re1 Qb4 39. Re3 Rge8 40.
a3 Qc5 41. Rxe8 Rxe8 42. Re5 Rxe5 43. Bxe5 Qxd5 44. Bh8 Qh1+ 45. Ka2 Qxh8 46.
Qxc4 Nd6 47. Qe6 Qf8 48. Qe5 Kb8 49. g4 Kc7 50. Qc5+ Kd7 51. Qxa7 Qf7+ 52. Ka1
Qf1+ 53. Ka2 Qc4+ 54. Ka1 Qxg4 55. Qb6 Qd1+ 56. Ka2 Qd5+ 57. Ka1 Qh1+ 58. Ka2
Qd5+ 59. Ka1 Nb5 60. Qa5 Qd1+ 61. Ka2 Qd5+ 62. Ka1 Kc6 63. Qa4 Qh1+ 64. Ka2
Qd5+ 65. Ka1 Kb6 66. Qb4 Qd1+ 67. Ka2 Qd5+ 68. Ka1 Qd4 69. Qb3 Ka6 70. Qe6+ Nd6
71. Qe2+ Ka7 72. Qc2 Nb5 73. Qb3 Qg1+ 74. Ka2 Qc5 75. Qa4+ Kb8 76. Qa5 Qc4+ 77.
Ka1 Qf1+ 78. Ka2 Qc4+ 79. Ka1 Qd5 80. Kb1 Qh1+ 81. Ka2 Qd5+ 82. Ka1 Nc7 83. Qb4
Na6 84. Qf8+ Ka7 85. Qf2+ Nc5 86. Kb1 Ka6 87. Qf6+ b6 88. Qf4 Qd1+ 89. Ka2 Qb3+
90. Ka1 Qxb2+ 0-1

[Event "CCM7 - 14. ORDIX Open"]
[Site "Mainz"]
[Date "2007.??.??"]
[Round "6"]
[White "Iljin, Artem"]
[Black "Kamsky, Gata"]
[Result "1-0"]
[WhiteElo "2569"]
[BlackElo "2717"]
[PlyCount "103"]
[EventDate "2007.??.??"]
[EventType "rapid"]
[EventRounds "11"]
[EventCountry "GER"]
[Source "Mike Rosa"]
[SourceDate "2009.01.01"]

1. d4 d5 2. c4 c6 3. Nf3 Nf6 4. Qb3 dxc4 5. Qxc4 Bg4 6. Nbd2 Nbd7 7. g3 Nb6 8.
Qc2 g6 9. Bg2 Bg7 10. O-O Qc8 11. Re1 O-O 12. e4 Bh3 13. Bh1 h6 14. Nb3 Rd8 15.
Bd2 Nfd7 16. Bc3 Nf8 17. a4 Nbd7 18. a5 a6 19. Nbd2 Ne6 20. Nc4 Nc7 21. b3 Nb5
22. Bb2 Qc7 23. Rad1 Rac8 24. Rd3 Nf8 25. d5 Bxb2 26. Qxb2 Nd7 27. Rde3 e6 28.
Nfe5 Nxe5 29. Nxe5 h5 30. Nc4 Qe7 31. Nb6 Rb8 32. Bg2 Bxg2 33. Kxg2 e5 34. Nc4
Re8 35. Rd1 f6 36. Red3 cxd5 37. Rxd5 Rbd8 38. Nb6 Nd4 39. b4 Qe6 40. f3 h4 41.
Rc1 Rxd5 42. Nxd5 h3+ 43. Kf2 Rf8 44. Rc7 Rf7 45. Qc1 Kg7 46. Qc5 Nb5 47. Rxf7+
Kxf7 48. g4 Qd7 49. Kg3 Nd4 50. Qb6 Qc6 51. Qd8 Ne2+ 52. Kf2 1-0

[Event "CCM7 - 14. ORDIX Open"]
[Site "Mainz"]
[Date "2007.??.??"]
[Round "6"]
[White "Mamedyarov, Shakhriyar"]
[Black "Navara, David"]
[Result "0-1"]
[WhiteElo "2755"]
[BlackElo "2656"]
[PlyCount "86"]
[EventDate "2007.??.??"]
[EventType "rapid"]
[EventRounds "11"]
[EventCountry "GER"]
[Source "Mike Rosa"]
[SourceDate "2009.01.01"]

1. d4 d5 2. c4 c6 3. Nc3 Nf6 4. e3 e6 5. Nf3 a6 6. Qc2 c5 7. cxd5 exd5 8. Be2
Nc6 9. O-O Be6 10. Rd1 Nb4 11. Qd2 Ne4 12. Nxe4 dxe4 13. Ne5 cxd4 14. exd4 Bd6
15. a3 Nd5 16. Qc2 f5 17. f3 Bxe5 18. dxe5 Qb6+ 19. Kh1 Rc8 20. Qa4+ Qc6 21.
Qd4 Qc2 22. fxe4 fxe4 23. Bd2 O-O 24. Rac1 Qb3 25. Rxc8 Rxc8 26. Qxe4 Qxb2 27.
Bc4 Nf4 28. Bxe6+ Nxe6 29. Qd5 Rc6 30. Bb4 Qe2 31. h3 h6 32. Re1 Qc4 33. Qd7
Nf4 34. Bd2 Nd3 35. Rf1 Nxe5 36. Qe8+ Kh7 37. Rf8 Ng6 38. Rf7 Qe6 39. Qxe6 Rxe6
40. Rxb7 Re7 41. Rb6 Re2 42. Bc3 Nf4 43. Rb4 Nd5 0-1

[Event "CCM7 - 14. ORDIX Open"]
[Site "Mainz"]
[Date "2007.??.??"]
[Round "6"]
[White "Sargissian, Gabriel"]
[Black "Ivanchuk, Vassily"]
[Result "1/2-1/2"]
[WhiteElo "2667"]
[BlackElo "2766"]
[PlyCount "86"]
[EventDate "2007.??.??"]
[EventType "rapid"]
[EventRounds "11"]
[EventCountry "GER"]
[Source "Mike Rosa"]
[SourceDate "2009.01.01"]

1. d4 d5 2. c4 dxc4 3. e4 c5 4. d5 e6 5. Nc3 exd5 6. Qxd5 Qxd5 7. Nxd5 Bd6 8.
Bxc4 Nc6 9. Ne2 Nge7 10. Bf4 Bxf4 11. Nexf4 Nxd5 12. Bxd5 Ne5 13. O-O-O Rb8 14.
Nd3 Nxd3+ 15. Rxd3 b6 16. Rhd1 Ke7 17. Bc4 Rb7 18. f3 f6 19. Bb5 Rc7 20. Rd6 g5
21. Kc2 h5 22. Kc3 h4 23. e5 Rf8 24. Bc4 h3 25. exf6+ Rxf6 26. Rxf6 Kxf6 27. g3
Rd7 28. Re1 Re7 29. Rxe7 Kxe7 30. Kd2 Be6 31. Bf1 Bxa2 32. Bxh3 b5 33. f4 gxf4
34. gxf4 a5 35. Bg4 b4 36. h4 a4 37. Bd1 a3 38. bxa3 bxa3 39. Kc3 Kf6 40. Bb3
Bb1 41. Kc4 a2 42. Bxa2 Bxa2+ 43. Kxc5 Kf5 1/2-1/2

[Event "CCM7 - 14. ORDIX Open"]
[Site "Mainz"]
[Date "2007.??.??"]
[Round "7"]
[White "Burmakin, Vladimir"]
[Black "Mamedyarov, Shakhriyar"]
[Result "1/2-1/2"]
[WhiteElo "2592"]
[BlackElo "2755"]
[PlyCount "79"]
[EventDate "2007.??.??"]
[EventType "rapid"]
[EventRounds "11"]
[EventCountry "GER"]
[Source "Mike Rosa"]
[SourceDate "2009.01.01"]

1. d4 g6 2. e4 d6 3. g3 Nf6 4. Bg2 Bg4 5. Ne2 Nc6 6. Nbc3 Bg7 7. h3 Bd7 8. Be3
e5 9. Qd2 O-O 10. dxe5 Nxe5 11. b3 b5 12. a3 a5 13. f4 b4 14. axb4 axb4 15.
Rxa8 bxc3 16. Rxd8 cxd2+ 17. Bxd2 Rxd8 18. fxe5 dxe5 19. Bc3 Re8 20. Ba5 Bc6
21. Nc3 Nh5 22. Kf2 Bf8 23. Bf3 Bd6 24. Bxh5 gxh5 25. Nd5 Bxd5 26. exd5 f5 27.
h4 Rb8 28. b4 Kf7 29. c4 Bxb4 30. Bxc7 Bc5+ 31. Kg2 Rb2+ 32. Kh3 e4 33. Rf1 Bf2
34. Be5 Rc2 35. Rb1 e3 36. Rb7+ Ke8 37. Rb8+ Kd7 38. Rb7+ Kc8 39. Rb8+ Kd7 40.
Rb7+ 1/2-1/2

[Event "CCM7 - 14. ORDIX Open"]
[Site "Mainz"]
[Date "2007.??.??"]
[Round "7"]
[White "Harikrishna, Pentala"]
[Black "Doettling, Fabian"]
[Result "1/2-1/2"]
[WhiteElo "2664"]
[BlackElo "2537"]
[PlyCount "111"]
[EventDate "2007.??.??"]
[EventType "rapid"]
[EventRounds "11"]
[EventCountry "GER"]
[Source "Mike Rosa"]
[SourceDate "2009.01.01"]

1. d4 d5 2. c4 e6 3. Nf3 Nf6 4. Nc3 Be7 5. Bf4 O-O 6. e3 b6 7. cxd5 Nxd5 8.
Nxd5 Qxd5 9. Bd3 Qa5+ 10. Nd2 Ba6 11. Be4 Nd7 12. a3 Rac8 13. Bc6 Bb5 14. b4
Qa6 15. Bxb5 Qxb5 16. Qe2 Qa4 17. O-O c5 18. dxc5 bxc5 19. Nf3 Bf6 20. Qd1 Qxd1
21. Raxd1 Rfd8 22. e4 cxb4 23. axb4 Nb6 24. Be3 h6 25. Rxd8+ Rxd8 26. Rc1 Bb2
27. Rb1 Bc3 28. Kf1 Rb8 29. b5 Rb7 30. Rb3 Bf6 31. Nd2 Na4 32. f4 Be7 33. e5
Bc5 34. Ke2 Bxe3 35. Kxe3 Nb6 36. g3 Rd7 37. Ne4 Nc4+ 38. Ke2 Rd4 39. Rb4 Rxe4+
40. Kd3 Nd2 41. Rxe4 Nxe4 42. Kxe4 Kf8 43. Kd4 Ke7 44. Kc5 Kd7 45. b6 axb6+ 46.
Kxb6 h5 47. Kb7 g6 48. Kb6 Ke7 49. Kc7 Ke8 50. Kc8 Ke7 51. Kc7 Ke8 52. h3 Ke7
53. Kc6 Ke8 54. Kd6 Kd8 55. Kc6 Ke7 56. Kc7 1/2-1/2

[Event "CCM7 - 14. ORDIX Open"]
[Site "Mainz"]
[Date "2007.??.??"]
[Round "7"]
[White "Ivanchuk, Vassily"]
[Black "Petrosian, Tigran L"]
[Result "1/2-1/2"]
[WhiteElo "2766"]
[BlackElo "2613"]
[PlyCount "58"]
[EventDate "2007.??.??"]
[EventType "rapid"]
[EventRounds "11"]
[EventCountry "GER"]
[Source "Mike Rosa"]
[SourceDate "2009.01.01"]

1. d4 d5 2. c4 e6 3. Nf3 c5 4. cxd5 exd5 5. dxc5 Bxc5 6. Qc2 Be7 7. Bf4 Nc6 8.
Nc3 Nf6 9. e3 O-O 10. Rd1 Qa5 11. Be2 Be6 12. O-O h6 13. Nd4 Nxd4 14. Rxd4 Rac8
15. Bf3 Bb4 16. Qb3 Bxc3 17. bxc3 Rxc3 18. Ra4 Qc5 19. Qxb7 Rc1 20. Qb2 Rxf1+
21. Kxf1 Ne4 22. Rb4 Rc8 23. Rb8 Rxb8 24. Qxb8+ Kh7 25. Qb2 Qa5 26. Be2 Nd2+
27. Kg1 Ne4 28. Kf1 Nd2+ 29. Kg1 Ne4 1/2-1/2

[Event "CCM7 - 14. ORDIX Open"]
[Site "Mainz"]
[Date "2007.??.??"]
[Round "7"]
[White "Karjakin, Sergey"]
[Black "Meijers, Viesturs"]
[Result "1-0"]
[WhiteElo "2678"]
[BlackElo "2483"]
[PlyCount "93"]
[EventDate "2007.??.??"]
[EventType "rapid"]
[EventRounds "11"]
[EventCountry "GER"]
[Source "Mike Rosa"]
[SourceDate "2009.01.01"]

1. e4 e5 2. Nf3 Nf6 3. Nxe5 d6 4. Nf3 Nxe4 5. d4 d5 6. Bd3 Bd6 7. O-O O-O 8. c4
c6 9. Qc2 Na6 10. a3 Bg4 11. Ne5 Bf5 12. b4 f6 13. Nf3 Bg6 14. Nc3 Nxc3 15.
Bxg6 hxg6 16. Qxc3 dxc4 17. Qxc4+ Kh7 18. b5 cxb5 19. Qxb5 Rb8 20. Qd3 Nc7 21.
Nh4 f5 22. Qh3 f4 23. Bd2 Rf7 24. Nf3+ Kg8 25. Qg4 Rf6 26. Rfe1 Nd5 27. Re4 Qc8
28. Qh4 Rf5 29. Ng5 Nf6 30. Rae1 Rxg5 31. Qxg5 Nxe4 32. Qd5+ Kh7 33. Qxe4 Qf5
34. Qf3 b5 35. Bb4 Bxb4 36. axb4 Rd8 37. Rd1 Qh5 38. Qd3 Qf5 39. Qe2 Qh5 40. f3
Qd5 41. h4 Kh6 42. Qe4 Qd6 43. d5 g5 44. Qf5 gxh4 45. Re1 Qb6+ 46. Kh2 Rd6 47.
Re8 1-0

[Event "CCM7 - 14. ORDIX Open"]
[Site "Mainz"]
[Date "2007.??.??"]
[Round "7"]
[White "Khenkin, Igor"]
[Black "Sargissian, Gabriel"]
[Result "0-1"]
[WhiteElo "2602"]
[BlackElo "2667"]
[PlyCount "126"]
[EventDate "2007.??.??"]
[EventType "rapid"]
[EventRounds "11"]
[EventCountry "GER"]
[Source "Mike Rosa"]
[SourceDate "2009.01.01"]

1. d4 Nf6 2. c4 e6 3. Nf3 b6 4. g3 Ba6 5. b3 Bb4+ 6. Bd2 Be7 7. Bg2 c6 8. Bc3
d5 9. Ne5 Nfd7 10. Nxd7 Nxd7 11. Nd2 O-O 12. O-O Rc8 13. e4 dxe4 14. Nxe4 b5
15. c5 b4 16. Bxb4 Bxf1 17. Qxf1 Nf6 18. Rd1 Nd5 19. Be1 Ra8 20. h4 a5 21. Qe2
Qd7 22. Nc3 Rfd8 23. Na4 Qc7 24. Bd2 Bf6 25. Bg5 Bxg5 26. hxg5 Rab8 27. Qe5 Rb7
28. Rd2 Ne7 29. Qe4 Rb4 30. Nb2 Nd5 31. Na4 Qe7 32. Qe5 f6 33. gxf6 Qxf6 34.
Re2 Qxe5 35. Rxe5 Kf7 36. Bh3 Nc7 37. Bg2 Rbxd4 38. Bxc6 Rd2 39. Nc3 Rc2 40.
Re3 Rdd2 41. Be4 Rc1+ 42. Kg2 g6 43. a4 Rb2 44. Nb5 Nxb5 45. axb5 Rxc5 46. b6
Rb5 47. b7 R5xb3 48. Re1 Rxb7 49. Bxb7 Rxb7 50. Ra1 Ra7 51. Ra4 Ke7 52. g4 Kd6
53. g5 Kc5 54. Kf3 Kb5 55. Ra1 a4 56. Ke4 a3 57. Kd3 a2 58. Kc3 Kc5 59. Kb2 Kb4
60. f4 Ra8 61. Kc2 Ka3 62. Re1 Rc8+ 63. Kd3 Kb2 0-1

[Event "CCM7 - 14. ORDIX Open"]
[Site "Mainz"]
[Date "2007.??.??"]
[Round "7"]
[White "Mchedlishvili, Mikheil"]
[Black "Almasi, Zoltan"]
[Result "1/2-1/2"]
[WhiteElo "2624"]
[BlackElo "2682"]
[PlyCount "62"]
[EventDate "2007.??.??"]
[EventType "rapid"]
[EventRounds "11"]
[EventCountry "GER"]
[Source "Mike Rosa"]
[SourceDate "2009.01.01"]

1. Nf3 Nf6 2. c4 b6 3. g3 c5 4. Bg2 Bb7 5. O-O g6 6. b3 Bg7 7. Bb2 O-O 8. e3
Nc6 9. d4 cxd4 10. Nxd4 Qc7 11. Nb5 Qc8 12. Nd2 Rd8 13. Rc1 Nb4 14. Bxf6 Bxf6
15. Ne4 Bxe4 16. Bxe4 Nc6 17. Nc3 Bg7 18. Qd2 Qc7 19. Rfd1 Rac8 20. Nd5 Qb8 21.
h4 b5 22. c5 e6 23. Nb4 Nxb4 24. Qxb4 Bf8 25. Qd4 b4 26. Bf3 a5 27. Rc4 Qa7 28.
Rdc1 Bg7 29. Qd6 Bf8 30. Qd4 Bg7 31. Qd6 Bf8 1/2-1/2

[Event "CCM7 - 14. ORDIX Open"]
[Site "Mainz"]
[Date "2007.??.??"]
[Round "7"]
[White "Navara, David"]
[Black "Akopian, Vladimir"]
[Result "1-0"]
[WhiteElo "2656"]
[BlackElo "2708"]
[PlyCount "107"]
[EventDate "2007.??.??"]
[EventType "rapid"]
[EventRounds "11"]
[EventCountry "GER"]
[Source "Mike Rosa"]
[SourceDate "2009.01.01"]

1. d4 d5 2. c4 c6 3. Nc3 Nf6 4. Nf3 e6 5. Qd3 Nbd7 6. e4 dxe4 7. Nxe4 Nxe4 8.
Qxe4 Bb4+ 9. Bd2 Bxd2+ 10. Nxd2 O-O 11. O-O-O c5 12. Nf3 cxd4 13. Qxd4 Qe7 14.
Bd3 Nc5 15. Bc2 b6 16. b4 Nb7 17. Qh4 Qxh4 18. Nxh4 a5 19. a3 axb4 20. axb4
Ra1+ 21. Kb2 Rxd1 22. Rxd1 Rd8 23. Ra1 Nd6 24. c5 bxc5 25. bxc5 Nb5 26. Nf3 Bb7
27. Ra5 Nc7 28. Ng5 h6 29. Ne4 Ra8 30. Rxa8+ Bxa8 31. g3 Na6 32. Bd3 Nb4 33.
Kc3 Nxd3 34. Kxd3 Kf8 35. Nd6 Ke7 36. Kc4 Bc6 37. Kb4 e5 38. Ka5 Ke6 39. Kb6
Bg2 40. Nb5 Kd7 41. Na7 f5 42. c6+ Bxc6 43. Nxc6 Kd6 44. Nb4 e4 45. Kb5 Ke5 46.
Kc5 f4 47. Nc6+ Kf5 48. Kd5 e3 49. f3 fxg3 50. hxg3 h5 51. Nd4+ Kg5 52. Ke4 h4
53. gxh4+ Kxh4 54. Nf5+ 1-0

[Event "CCM7 - 14. ORDIX Open"]
[Site "Mainz"]
[Date "2007.??.??"]
[Round "7"]
[White "Seel, Christian"]
[Black "Volokitin, Andrei"]
[Result "1-0"]
[WhiteElo "2495"]
[BlackElo "2698"]
[PlyCount "51"]
[EventDate "2007.??.??"]
[EventType "rapid"]
[EventRounds "11"]
[EventCountry "GER"]
[Source "Mike Rosa"]
[SourceDate "2009.01.01"]

1. Nf3 c5 2. c4 Nc6 3. Nc3 e5 4. e3 f5 5. d4 e4 6. d5 Nb8 7. Nd2 Nf6 8. f3 exf3
9. Qxf3 d6 10. Bd3 g6 11. e4 Nbd7 12. exf5 Ne5 13. Qe2 Qe7 14. Bc2 Bg7 15. O-O
Bxf5 16. Bxf5 gxf5 17. Nf3 Nfg4 18. h3 Nxf3+ 19. Qxf3 Bd4+ 20. Kh1 Qh4 21. Qxf5
Nf2+ 22. Rxf2 Bxf2 23. Bg5 Qh5 24. Qe6+ Kf8 25. Rf1 Qf7 26. Rxf2 1-0

[Event "CCM7 - 14. ORDIX Open"]
[Site "Mainz"]
[Date "2007.??.??"]
[Round "7"]
[White "Shirov, Alexei"]
[Black "Hausrath, Daniel"]
[Result "1/2-1/2"]
[WhiteElo "2735"]
[BlackElo "2494"]
[PlyCount "109"]
[EventDate "2007.??.??"]
[EventType "rapid"]
[EventRounds "11"]
[EventCountry "GER"]
[Source "Mike Rosa"]
[SourceDate "2009.01.01"]

1. e4 c5 2. Nf3 Nc6 3. Bb5 Nf6 4. Nc3 Qc7 5. O-O Nd4 6. d3 e5 7. Bg5 Be7 8.
Bxf6 Bxf6 9. Nd5 Qd8 10. Nxd4 cxd4 11. f4 exf4 12. Rxf4 Bg5 13. Rf5 O-O 14. Qh5
h6 15. Raf1 g6 16. Rxg5 Qxg5 17. Qxg5 hxg5 18. Rf6 b6 19. Rd6 Bb7 20. Ne7+ Kg7
21. Rxd7 Bc8 22. Rxd4 Be6 23. Ra4 a6 24. Bc6 Ra7 25. Nd5 Rc8 26. Rc4 b5 27. Rc3
Bd7 28. Bxd7 Rxc3 29. Nxc3 Rxd7 30. Nd5 f5 31. Kf2 Kf7 32. Ke3 Ke6 33. Nb4 Ra7
34. d4 fxe4 35. Kxe4 Kd6 36. Nd3 Rh7 37. h3 Rh4+ 38. Ke3 g4 39. Nf2 gxh3 40.
gxh3 Kd5 41. c3 g5 42. b3 a5 43. Kd3 Rf4 44. c4+ bxc4+ 45. bxc4+ Ke6 46. Ke3 a4
47. Ne4 Kf5 48. Nf2 Rh4 49. Kd3 Ke6 50. Kc3 Rf4 51. d5+ Kd6 52. Nd3 Rh4 53. Nf2
Rf4 54. Nd3 Rh4 55. Nf2 1/2-1/2

[Event "CCM7 - 14. ORDIX Open"]
[Site "Mainz"]
[Date "2007.??.??"]
[Round "8"]
[White "Doettling, Fabian"]
[Black "Mchedlishvili, Mikheil"]
[Result "1/2-1/2"]
[WhiteElo "2537"]
[BlackElo "2624"]
[PlyCount "75"]
[EventDate "2007.??.??"]
[EventType "rapid"]
[EventRounds "11"]
[EventCountry "GER"]
[Source "Mike Rosa"]
[SourceDate "2009.01.01"]

1. d4 d5 2. Nf3 Nf6 3. c4 c6 4. Nc3 dxc4 5. a4 Bf5 6. e3 e6 7. Bxc4 Bb4 8. O-O
O-O 9. Qe2 Bg6 10. Ne5 Nbd7 11. Nxg6 hxg6 12. Rd1 Qa5 13. Qc2 Rad8 14. Bd2 c5
15. dxc5 Nxc5 16. Be2 Rd7 17. Be1 Rxd1 18. Bxd1 Rd8 19. Be2 Rc8 20. Qd1 Ncd7
21. Bf3 b6 22. Nb5 Bxe1 23. Qxe1 Qxe1+ 24. Rxe1 a5 25. Nc3 Rc4 26. Rd1 Rb4 27.
Rd2 Nc5 28. Bc6 Nfe4 29. Nxe4 Nxe4 30. Bxe4 Rxe4 31. Rd8+ Kh7 32. Rd4 Re5 33.
Kf1 Rc5 34. Ke2 Rc2+ 35. Rd2 Rc4 36. Rd4 Rc2+ 37. Rd2 Rc4 38. Rd4 1/2-1/2

[Event "CCM7 - 14. ORDIX Open"]
[Site "Mainz"]
[Date "2007.??.??"]
[Round "8"]
[White "Drozdovskij, Yuri"]
[Black "Ivanchuk, Vassily"]
[Result "1/2-1/2"]
[WhiteElo "2572"]
[BlackElo "2766"]
[PlyCount "69"]
[EventDate "2007.??.??"]
[EventType "rapid"]
[EventRounds "11"]
[EventCountry "GER"]
[Source "Mike Rosa"]
[SourceDate "2009.01.01"]

1. d4 d5 2. Nf3 c5 3. c4 dxc4 4. e3 cxd4 5. Bxc4 Qc7 6. Qb3 e6 7. exd4 Nf6 8.
Nc3 Nc6 9. O-O a6 10. Bd3 Be7 11. h3 O-O 12. Bg5 Rd8 13. Rad1 Nxd4 14. Nxd4
Rxd4 15. Be3 Rh4 16. Be2 b5 17. Rc1 Qb8 18. f4 Bb7 19. Kh2 g5 20. g3 gxf4 21.
Bxf4 Rxf4 22. Rxf4 Bd6 23. Rg1 Bxf4 24. gxf4+ Kh8 25. Qb4 Qa7 26. Nd1 Nd5 27.
Qd2 Rg8 28. Rxg8+ Kxg8 29. Bf3 Qc5 30. Nf2 f5 31. Nd3 Qd4 32. Qg2+ Kf8 33. Qg5
Qxd3 34. Qd8+ Kg7 35. Qg5+ 1/2-1/2

[Event "CCM7 - 14. ORDIX Open"]
[Site "Mainz"]
[Date "2007.??.??"]
[Round "8"]
[White "Krivoshey, Sergei"]
[Black "Gyimesi, Zoltan"]
[Result "1/2-1/2"]
[WhiteElo "2500"]
[BlackElo "2607"]
[PlyCount "90"]
[EventDate "2007.??.??"]
[EventType "rapid"]
[EventRounds "11"]
[EventCountry "GER"]
[Source "Mike Rosa"]
[SourceDate "2009.01.01"]

1. Nf3 Nf6 2. c4 e6 3. Nc3 d5 4. d4 dxc4 5. e4 Bb4 6. Bg5 c5 7. e5 cxd4 8. Nxd4
Qa5 9. exf6 Bxc3+ 10. bxc3 Qxg5 11. fxg7 Qxg7 12. Qd2 O-O 13. Bxc4 Bd7 14. O-O
Nc6 15. Nf5 exf5 16. Qxd7 Ne5 17. Qb5 a6 18. Qb4 Nf3+ 19. Kh1 Nd2 20. Rfd1 Ne4
21. Kg1 Qxc3 22. Qxc3 Nxc3 23. Rd3 Ne4 24. Rd5 Rac8 25. Bb3 Rc5 26. Rad1 Rxd5
27. Rxd5 Rc8 28. g3 Nc5 29. Bc2 b5 30. Bxf5 Rc7 31. Rd6 Kg7 32. h4 b4 33. Rb6
Rb7 34. Rxb7 Nxb7 35. Kf1 Nc5 36. Ke2 h6 37. f4 a5 38. Kd2 Kf6 39. Bc2 a4 40.
g4 b3 41. g5+ Kg7 42. axb3 axb3 43. Bf5 hxg5 44. fxg5 f6 45. gxf6+ Kxf6 1/2-1/2

[Event "CCM7 - 14. ORDIX Open"]
[Site "Mainz"]
[Date "2007.??.??"]
[Round "8"]
[White "Medvegy, Zoltan"]
[Black "Harikrishna, Pentala"]
[Result "0-1"]
[WhiteElo "2512"]
[BlackElo "2664"]
[PlyCount "133"]
[EventDate "2007.??.??"]
[EventType "rapid"]
[EventRounds "11"]
[EventCountry "GER"]
[Source "Mike Rosa"]
[SourceDate "2009.01.01"]

1. d4 Nf6 2. c4 e6 3. g3 c5 4. d5 exd5 5. cxd5 d6 6. Nc3 g6 7. Bg2 Bg7 8. Nf3
O-O 9. O-O Bg4 10. Nd2 Qd7 11. f3 Bh3 12. Bxh3 Qxh3 13. Nc4 Rd8 14. Bf4 Nh5 15.
Qd2 Na6 16. Ne4 Nc7 17. Bxd6 Ne8 18. Be7 Rd7 19. d6 Qe6 20. Rac1 Rc8 21. Ng5
Qxe7 22. dxe7 Rxd2 23. Nxd2 Bd4+ 24. Kg2 Be3 25. Nge4 f5 26. Nc4 Bxc1 27. Ned6
Rc7 28. Rxc1 Rxe7 29. Kf2 b6 30. Nxe8 Rxe8 31. Rd1 Nf6 32. a4 Kf8 33. h4 Ke7
34. Ne5 Rc8 35. b3 Ke6 36. Nc4 Ke7 37. Ke3 Rd8 38. Rxd8 Kxd8 39. Kf4 Nh5+ 40.
Kg5 Nxg3 41. Kh6 Ke7 42. Kxh7 Kf6 43. e3 Ne2 44. e4 fxe4 45. fxe4 Nf4 46. e5+
Kf5 47. Kg7 Ke6 48. Kh6 Kf5 49. Kg7 a6 50. Nxb6 Kxe5 51. Nd7+ Kd4 52. Nf8 Kc3
53. Nxg6 Nxg6 54. Kxg6 Kxb3 55. h5 c4 56. h6 c3 57. h7 c2 58. h8=Q c1=Q 59. Qd4
Qc4 60. Qd1+ Kb4 61. Kg7 a5 62. Kh8 Qc3+ 63. Kh7 Qc6 64. Kh8 Qc3+ 65. Kh7 Qb3
66. Qd7 Ka3 67. Qc6 0-1

[Event "CCM7 - 14. ORDIX Open"]
[Site "Mainz"]
[Date "2007.??.??"]
[Round "8"]
[White "Navara, David"]
[Black "Bologan, Viktor"]
[Result "1/2-1/2"]
[WhiteElo "2656"]
[BlackElo "2650"]
[PlyCount "90"]
[EventDate "2007.??.??"]
[EventType "rapid"]
[EventRounds "11"]
[EventCountry "GER"]
[Source "Mike Rosa"]
[SourceDate "2009.01.01"]

1. d4 Nf6 2. c4 g6 3. Nc3 Bg7 4. Nf3 O-O 5. g3 d5 6. cxd5 Nxd5 7. Bg2 c5 8. O-O
Nxc3 9. bxc3 Nc6 10. e3 Qa5 11. Qb3 Rb8 12. d5 Ne5 13. Nxe5 Bxe5 14. Bd2 b5 15.
f4 Bg7 16. e4 e6 17. a4 exd5 18. axb5 Qb6 19. Qa3 c4+ 20. Kh1 dxe4 21. Qxa7 f5
22. Rfb1 Qxa7 23. Rxa7 Rd8 24. Be1 Rd6 25. Bf1 Be6 26. Rc7 Rdb6 27. Bxc4 Bxc4
28. Rxc4 Rxb5 29. Rcb4 Rxb4 30. cxb4 Kf7 31. Kg2 Ke6 32. b5 Bd4 33. Bf2 Bxf2
34. Kxf2 Rb6 35. g4 Kd5 36. Ke3 Kc4 37. Rc1+ Kxb5 38. Rc7 Rd6 39. Rxh7 Rd3+ 40.
Ke2 fxg4 41. Re7 Rh3 42. Rxe4 Rxh2+ 43. Ke3 Rh3+ 44. Kf2 Kc5 45. Re6 Kd4
1/2-1/2

[Event "CCM7 - 14. ORDIX Open"]
[Site "Mainz"]
[Date "2007.??.??"]
[Round "8"]
[White "Petrosian, Tigran L"]
[Black "Seel, Christian"]
[Result "1-0"]
[WhiteElo "2613"]
[BlackElo "2495"]
[PlyCount "85"]
[EventDate "2007.??.??"]
[EventType "rapid"]
[EventRounds "11"]
[EventCountry "GER"]
[Source "Mike Rosa"]
[SourceDate "2009.01.01"]

1. e4 e5 2. Nf3 d6 3. d4 exd4 4. Nxd4 Nf6 5. Nc3 Be7 6. Bc4 O-O 7. O-O Nxe4 8.
Nxe4 d5 9. Bd3 dxe4 10. Bxe4 Re8 11. Be3 Bd6 12. Bf3 Nd7 13. h3 a6 14. Qd2 Ne5
15. Be2 Bd7 16. Rad1 h6 17. f4 Nc6 18. Bf3 Nxd4 19. Bxd4 Bc6 20. Bxc6 bxc6 21.
Qc3 Qe7 22. Bxg7 Bb4 23. Qg3 Qe3+ 24. Qxe3 Rxe3 25. Bd4 Re4 26. Be5 Re2 27. Rf3
Bd6 28. Rg3+ Kf8 29. Bxd6+ cxd6 30. Rxd6 Rb8 31. Rb3 Rxb3 32. cxb3 Rc2 33. Rxh6
Ke7 34. Rh5 c5 35. Rh6 f6 36. Rh7+ Ke6 37. Ra7 Rxb2 38. Rxa6+ Kf5 39. Kh2 Rc2
40. Kg3 c4 41. Ra5+ Ke4 42. Ra4 Rc3+ 43. Kh2 1-0

[Event "CCM7 - 14. ORDIX Open"]
[Site "Mainz"]
[Date "2007.??.??"]
[Round "8"]
[White "Ruck, Robert"]
[Black "Landa, Konstantin"]
[Result "1-0"]
[WhiteElo "2563"]
[BlackElo "2669"]
[PlyCount "175"]
[EventDate "2007.??.??"]
[EventType "rapid"]
[EventRounds "11"]
[EventCountry "GER"]
[Source "Mike Rosa"]
[SourceDate "2009.01.01"]

1. Nf3 c5 2. c4 Nc6 3. Nc3 e5 4. e3 Nf6 5. Be2 d5 6. d4 e4 7. Ne5 dxc4 8. Nxc6
bxc6 9. Bxc4 Be7 10. O-O O-O 11. dxc5 Qc7 12. Be2 Bxc5 13. Qc2 Qe5 14. Rd1 Re8
15. Nd5 cxd5 16. Qxc5 Bg4 17. Qc2 Rac8 18. Qd2 Rc7 19. h3 Bxe2 20. Qxe2 Rec8
21. Rb1 Rc2 22. Qe1 Qe6 23. Bd2 d4 24. exd4 Nd5 25. Rdc1 f5 26. Rxc2 Rxc2 27.
Qd1 Rc8 28. Rc1 h6 29. Rxc8+ Qxc8 30. Qb3 Qd7 31. Qb8+ Kh7 32. Qe5 h5 33. b4 g6
34. Kh2 Qc6 35. a4 a6 36. Qb8 Kg7 37. b5 axb5 38. axb5 Qe6 39. Bg5 Kf7 40. Qb7+
Ke8 41. Qb8+ Kf7 42. Bf4 Ke7 43. Be5 Kf7 44. Qb7+ Ke8 45. Qa8+ Ke7 46. Qa7+ Ke8
47. Qa6 Kf7 48. Qb7+ Ke8 49. Qb8+ Ke7 50. Bf4 Kf7 51. Bd6 Kg7 52. Qf8+ Kh7 53.
Be5 Qg8 54. Qd6 Qf7 55. b6 f4 56. Qd8 g5 57. Qxg5 Nxb6 58. Bxf4 Nd5 59. Be5 Qg6
60. Qd8 Qf7 61. Qg5 Qg6 62. Qxg6+ Kxg6 63. Kg3 Kg5 64. Kh2 Kf5 65. Kg1 Ne7 66.
Kf1 Nd5 67. Ke2 Nc3+ 68. Ke3 Nd5+ 69. Kd2 Ne7 70. Bg7 Nd5 71. Bh6 Kg6 72. Be3
Kf5 73. Kc2 Ke6 74. Kb3 Nb6 75. Kb4 Kd5 76. Kb5 Nd7 77. g4 hxg4 78. hxg4 Nf8
79. g5 Ng6 80. Kb6 Kd6 81. Kb7 Kd7 82. Bd2 Ne7 83. Bf4 Ng6 84. Bg3 Nf8 85. d5
Nh7 86. g6 Nf6 87. g7 Ke7 88. Bh4 1-0